000 00495nam a2200181 i 4500
001 bg
100 1 _aANGELL, Ian O.
245 0 _aWprowadzenie do grafiki komputerowej /
_cI. O. Angell.
260 _aWarszawa,
_c1986.
490 1 _aBiblioteka Inżynierii Oprogramowania
650 9 _aGrafika komputerowa
830 _aBiblioteka Inżynierii Oprogramowania
040 _cBPK
041 _apol
080 _a681.322.06:681.327
942 _cKS
008 s pl f |000 0 pol
999 _c23020
_d23020
856 _uhttp://koha.tu.koszalin.pl/cgi-bin/koha/opac-detail.pl?biblionumber=23020
_yKatalog online BPK